10 Largest Chinese Cities in Southern China - Statistics

General Stats
  • This quiz has been taken 24 times
    21 since last reset
  • The average score is 8 of 10
Answer Stats
Population City % Correct
72.7 M Guangzhou
95%
41.6 M Shanghai
90%
18.1 M Chengdu
86%
12.6 M Wuhan
86%
11.5 M Changsha
76%
12.9 M Chongqing
76%
14.6 M Hangzhou
76%
9.5 M Nanjing
76%
15.4 M Xiamen
71%
10.1 M Taipei
33%
No matching quizzes found
Score Distribution
Percent of People with Each Score
Percentile by Number Answered
Your Score History
You have not taken this quiz since the last reset